000 00524nam a2200205Ia 4500
003 OSt
005 20221119123655.0
008 210210b2006 xxu||||| |||| 00| 0 eng d
020 _a8170621607
040 _cAL
041 _aeng
082 _a369.4 CHHG
100 _aCHHETTRI (R S)
_962833
245 _aGrooming tomorrows leaders: National cadet corps 1917-2006
260 _aNew Delhi
_bLancer Publishers Pvt., Ltd
_c2006
300 _a214
690 _aAssociations
_962834
906 _a064017
942 _2ddc
_cBK
999 _c139252
_d139252